MARC

LEADER 00000nam0a2200000 4500
001 298746
005 20231102001132.0
035 |a (RuTPU)RU\TPU\book\323889 
090 |a 298746 
100 |a 20150620d1959 k y0rusy50 ca 
101 0 |a rus 
102 |a UA  |a RU 
105 |a a z 001zy 
200 1 |a Производство стали и отливок в вакууме  |f Д. Г. Любецкий 
210 |a Киев  |a Москва  |c Машгиз  |d 1959 
215 |a 174 с.  |c ил. 
320 |a Библиогр.: с. 172-173 
606 1 |a Литье вакуумное  |2 stltpush  |3 (RuTPU)RU\TPU\subj\40467  |9 60315 
610 1 |a сталеплавильное производство 
610 1 |a вакуум 
610 1 |a применение 
610 1 |a сталь 
610 1 |a отливки 
610 1 |a производство 
610 1 |a плавка 
610 1 |a вакуумная металлургия 
610 1 |a оборудование 
675 |a 621.746.58  |v 4 
700 1 |a Любецкий  |b Д. Г.  |g Давид Геселевич 
801 1 |a RU  |b 63413507  |c 20150620 
801 2 |a RU  |b 63413507  |c 20170113  |g RCR 
942 |c BK